000 00278nam a22001217a 4500
008 171031b xxu||||| |||| 00| 0 eng d
041 _aeng
080 _a33
100 _a59
101 _aBUS
245 _aTHE MODERN BUSINESS LETTER WRITER'S MANUAL
_cCLOKE,M
942 _2udc
_cBK
999 _c36912
_d36912